[Event "Eurasia Open Cup 2018"]
[Site "Jekaterienburg"]
[Date "2018.08.09"]
[Round "8"]
[White "Shaposhnikov, Evgeny"]
[Black "Mokshanov, Alexey"]
[Result "1/2-1/2"]
[WhiteElo "2588"]
[BlackElo "2439"]
[Annotator "ChessBase"]
[PlyCount "124"]
[EventDate "2018.08.01"]
[EventType "swiss"]
[EventCountry "RUS"]
[SourceTitle "playchess.com"]
[Source "ChessBase"]
[SourceQuality "1"]
[TimeControl "5400+30"]

1. e4 {[%emt 0:00:00]} e6 {[%emt 0:00:00]} 2. d4 {[%emt 0:00:05]} d5 {[%emt 0:00:00]} 3. Nd2 {[%emt 0:00:10]} c5 {[%emt 0:02:01]} 4. Ngf3 {[%emt 0:00:36]} cxd4 {[%emt 0:02:42]} 5. Nxd4 {[%emt 0:00:08]} Nc6 {[%emt 0:01:44]} 6. Nxc6 {[%emt 0:00:49]} bxc6 {[%emt 0:00:06]} 7. Bd3 {[%emt 0:00:15]} Bd6 {[%emt 0:02:58]} 8. Qe2 {[%emt 0:01:42]} Qc7 {[%emt 0:20:19]} 9. Nf3 {[%emt 0:01:17]} Ne7 {[%emt 0:00:16]} 10. e5 {[%emt 0:03:43]} Bc5 {[%emt 0:01:13]} 11. O-O {[%emt 0:02:52]} a5 {[%emt 0:02:04]} 12. Bf4 {[%emt 0:11:05]} h6 {[%emt 0:04:40]} 13. c4 {[%emt 0:03:15]} Ba6 {[%emt 0:09:22]} 14. Rac1 {[%emt 0:08:26]} Qb6 {[%emt 0:02:26]} 15. b3 {[%emt 0:10:43]} a4 {[%emt 0:11:15]} 16. Rb1 {[%emt 0:03:20]} axb3 {[%emt 0:01:44]} 17. axb3 {[%emt 0:00:51]} Qb7 {[%emt 0:03:16]} 18. b4 {[%emt 0:17:13]} dxc4 {[%emt 0:00:53]} 19. Bxc4 {[%emt 0:00:47]} Bxc4 {[%emt 0:00:24]} 20. Qxc4 {[%emt 0:00:02]} Ba7 {[%emt 0:01:11]} 21. Nd2 {[%emt 0:07:09]} Nd5 {[%emt 0:06:19]} 22. Ne4 {[%emt 0:00:47]} O-O {[%emt 0:00:17]} 23. Qc1 {[%emt 0:05:19]} Qc7 {[%emt 0:04:03]} 24. Bg3 {[%emt 0:06:43]} Bd4 {[%emt 0:03:58]} 25. b5 {[%emt 0:04:08]} cxb5 {[%emt 0:02:14]} 26. Qxc7 {[%emt 0:01:18]} Nxc7 {[%emt 0:00:05]} 27. Rfc1 {[%emt 0:00:48]} Nd5 {[%emt 0:02:14]} 28. Rxb5 {[%emt 0:00:11]} Rfc8 {[%emt 0:01:00]} 29. Rxc8+ {[%emt 0:03:05]} Rxc8 {[%emt 0:00:00]} 30. h4 {[%emt 0:00:48]} Nc3 {[%emt 0:00:59]} 31. Nxc3 {[%emt 0:00:00]} Rxc3 {[%emt 0:00:06]} 32. Kh2 {[%emt 0:00:35]} h5 {[%emt 0:00:46]} 33. Rb4 {[%emt 0:00:25]} Bc5 {[%emt 0:00:16]} 34. Rb7 {[%emt 0:01:06]} Bd4 {[%emt 0:02:05]} 35. Rd7 {[%emt 0:01:15]} Rc4 {[%emt 0:00:16]} 36. f3 {[%emt 0:00:50]} Bc3 {[%emt 0:00:08]} 37. Kh3 {[%emt 0:01:58]} Rc5 {[%emt 0:00:36]} 38. f4 {[%emt 0:00:04]} Rc4 {[%emt 0:00:32]} 39. Bh2 {[%emt 0:00:14]} Ba5 {[%emt 0:01:04]} 40. Rd1 {[%emt 0:01:03]} Kh7 {[%emt 0:01:15]} 41. g3 {[%emt 0:00:11]} Kg6 {[%emt 0:00:16]} 42. Bg1 {[%emt 0:00:13]} Kf5 {[%emt 0:01:27]} 43. Rd7 {[%emt 0:00:15]} Rc7 {[%emt 0:00:04]} 44. Rxc7 {[%emt 0:00:41]} Bxc7 {[%emt 0:00:00]} 45. Kg2 {[%emt 0:00:37]} Kg4 {[%emt 0:00:00]} 46. Bd4 {[%emt 0:00:13]} Ba5 {[%emt 0:00:41]} 47. Kf2 {[%emt 0:00:26]} Bd2 {[%emt 0:00:12]} 48. Bb2 {[%emt 0:00:33]} Ba5 {[%emt 0:06:43]} 49. Bd4 {[%emt 0:00:09]} Bc7 {[%emt 0:00:12]} 50. Kg2 {[%emt 0:01:20]} Kf5 {[%emt 0:00:28]} 51. Bc5 {[%emt 0:00:30]} f6 {[%emt 0:00:33]} 52. Bd6 {[%emt 0:00:06]} Bb6 {[%emt 0:00:04]} 53. exf6 {[%emt 0:00:04]} gxf6 {[%emt 0:00:05]} 54. Kf3 {[%emt 0:00:08]} Bd4 {[%emt 0:00:05]} 55. Bc7 {[%emt 0:02:01]} e5 {[%emt 0:00:04]} 56. fxe5 {[%emt 0:00:17]} fxe5 {[%emt 0:00:01]} 57. Bb8 {[%emt 0:00:38]} e4+ {[%emt 0:00:05]} 58. Ke2 {[%emt 0:00:53]} Ke6 {[%emt 0:00:29]} 59. Bc7 {[%emt 0:00:09]} Be5 {[%emt 0:00:39]} 60. Bxe5 {[%emt 0:00:34]} Kxe5 {[%emt 0:00:11]} 61. Ke3 {[%emt 0:00:28]} Kf5 {[%emt 0:00:14]} 62. Ke2 {[%emt 0:00:07]} Ke6 {[%emt 0:01:04]} 1/2-1/2

[Event "Eurasia Open Cup 2018"]
[Site "Jekaterienburg"]
[Date "2018.08.09"]
[Round "8"]
[White "Rozum, Ivan"]
[Black "Sarana, Alexey"]
[Result "0-1"]
[WhiteElo "2581"]
[BlackElo "2613"]
[Annotator "TA"]
[PlyCount "152"]
[EventDate "2018.08.01"]
[EventType "swiss"]
[EventCountry "RUS"]
[SourceTitle "playchess.com"]
[Source "ChessBase"]
[SourceQuality "1"]

{[%evp 17,152,-4,24,18,19,31,45,15,17,6,17,16,21,16,10,6,30,25,21,27,51,50,45,41,41,45,48,45,46,44,66,64,62,59,66,68,72,63,68,55,56,50,40,35,47,37,63,42,52,49,43,10,17,14,18,21,55,41,45,-46,-49,-41,-46,-40,-51,-55,-50,-39,-47,-48,-32,-431,-535,-445,-435,-249,-260,-246,-240,-208,-123,-112,-112,-123,-114,-92,-112,-106,-81,-112,-105,-53,-58,-94,0,0,0,-35,-16,-18,0,0,0,0,0,0,0,0,0,0,0,-22,-19,-71,-71,-835,-552,-29965,-29966,-29967,-29966,-29970,-29971,-29975,-29976,-29984,-29985,-29985,-29986,-29986,-29987,-29987,-29987,-29987,-29988,-29988,-29989]} 1. c4 e5 2. Nc3 Nf6 3. Nf3 Nc6 4. e3 Bb4 5. Qc2 Bxc3 6. Qxc3 Qe7 7. d4 {A28: English Opening: Four Knights Variation} (7. b3 O-O 8. Bb2 Re8 9. a3 a5 10. h3 b6 11. Be2 Bb7 12. O-O d5 13. cxd5 Nxd5 14. Qc2 e4 {1-0 (41) Caruana,F (2822)-Karjakin,S (2782) Stavanger 2018}) 7... Ne4 8. Qd3 exd4 9. Nxd4 Qb4+ {LiveBook: 3 Games} 10. Bd2 Nxd2 11. Qxd2 d6 12. Nb5 Qxd2+ $1 13. Kxd2 Kd8 {[#]} 14. Be2 $146 ({Predecessor:} 14. Kc3 a6 15. Nd4 Nxd4 {½-½ (15) Flores,D (2543)-Fedorchuk,S (2603) Lorca 2007}) 14... Be6 15. Rhd1 a6 16. Nc3 Ke7 17. Nd5+ Kd7 18. Kc3 Rhe8 19. c5 Bxd5 20. Rxd5 Re5 21. Rxe5 Nxe5 $14 {[%mdl 4096] Endgame KRB-KRN} 22. Rd1 Ke7 23. f4 Nd7 24. Bf3 Nxc5 25. b4 Nd7 26. Bxb7 Ra7 27. Bc6 Nb8 28. Be4 h6 29. Kb3 c6 30. Ka4 Rb7 31. Bd3 Kd7 32. Bc4 f6 33. e4 Kc7 34. a3 a5 35. b5 Nd7 $1 {[%cal Rd7b6]} 36. bxc6 Nb6+ 37. Kb5 Rb8 38. Bf1 (38. g3 $14) 38... Nd5+ $1 $15 39. Kxa5 Ra8+ 40. Ba6 Nxf4 41. Rb1 Ne6 42. Rb7+ $1 Kxc6 43. Rb6+ Kd7 44. e5 $2 {[%mdl 8192]} (44. Kb4 $15) 44... fxe5 $19 45. Kb4 Kc7 46. Rb7+ Kc6 47. Re7 Rb8+ ({Don't take} 47... Rxa6 48. Rxe6 Ra7 49. a4) 48. Kc3 Nf4 ({Black should play} 48... Nc5 $19 49. Be2 Rb3+ 50. Kc2 Rxa3 51. Rxg7 Ra2+ 52. Kd1 Nb3) 49. Rxg7 $17 Nd5+ 50. Kc2 Ne3+ 51. Kc3 d5 52. a4 e4 53. Bb5+ Kc5 54. Rc7+ Kd6 55. Rd7+ Ke5 (55... Ke6 $17 {aiming for ...Rxb5!} 56. Rh7 Ke5) 56. Re7+ $11 Kf6 57. Rh7 Nf5 58. g4 Ng7 59. Rxh6+ Ke5 60. Rh7 d4+ 61. Kd2 Ne6 62. h4 e3+ 63. Ke2 Kf4 64. g5 {And now g6 would win.} Kg3 {Strongly threatening ...Nf4+.} 65. Kd3 (65. Kd1 $11 {keeps the balance.}) 65... Rd8 $1 $17 {...Nf4+ is the strong threat.} 66. g6 $2 {[%mdl 8192]} (66. Rf7 $17) 66... Nf4+ $19 67. Ke4 {[#] Hoping for g7.} d3 $1 {Black mates.} 68. Bxd3 {[#]} Re8+ $1 69. Kd4 Nxd3 {KRN-KR} 70. g7 e2 71. Rh8 e1=Q 72. g8=Q+ Rxg8 73. Rxg8+ Kf3 74. Kxd3 Qe4+ 75. Kc3 Qe5+ 76. Kc2 Qc5+ {Precision: White = 51%, Black = 86%.} 0-1

[Event "Eurasia Open Cup 2018"]
[Site "Jekaterienburg"]
[Date "2018.08.09"]
[Round "8"]
[White "Chigaev, Maksim"]
[Black "Pridorozhni, Aleksei"]
[Result "1/2-1/2"]
[WhiteElo "2577"]
[BlackElo "2564"]
[Annotator "TA"]
[PlyCount "43"]
[EventDate "2018.08.01"]
[EventType "swiss"]
[EventCountry "RUS"]
[SourceTitle "playchess.com"]
[Source "ChessBase"]
[SourceQuality "1"]

{[%evp 20,43,18,15,36,25,30,10,26,0,4,-26,-24,-28,-21,-31,-27,-30,0,-25,0,-27,13,-22,0,-32]} 1. d4 d5 2. c4 c6 3. cxd5 cxd5 4. Bg5 Nf6 5. Nc3 e6 6. e3 Nc6 7. Bd3 Be7 8. Nf3 O-O 9. O-O Bd7 10. a3 Rc8 11. Rc1 Ne8 {D13: Damengambit (Slawische Verteidigung, Abtauschvariante)} 12. Bf4 Nd6 $146 ({Vorgänger:} 12... f5 13. Ne5 Nxe5 14. Bxe5 Bd6 15. Qb3 Bc6 16. Ne2 Qd7 17. Qc3 Nf6 18. Bxd6 Qxd6 19. Qc5 {½-½ (36) Schussler,H (2540)-Sorokin,M (2420) Palma de Mallorca 1989}) 13. Na4 Nc4 14. Bxc4 dxc4 15. Nc5 Na5 16. Nxd7 Qxd7 17. Ne5 Qd5 18. Qg4 Kh8 19. Qh5 Kg8 {Droht stark ...Sb3.} 20. Qg4 Kh8 21. Qh5 Kg8 {Und weiter mit ...Sb3 wäre nett.} 22. Qg4 1/2-1/2

[Event "Eurasia Open Cup 2018"]
[Site "Jekaterienburg"]
[Date "2018.08.09"]
[Round "8"]
[White "Bocharov, Ivan"]
[Black "Artemiev, Vladislav"]
[Result "1/2-1/2"]
[WhiteElo "2552"]
[BlackElo "2702"]
[Annotator "TA"]
[PlyCount "67"]
[EventDate "2018.08.01"]
[EventType "swiss"]
[EventCountry "RUS"]
[SourceTitle "playchess.com"]
[Source "ChessBase"]
[SourceQuality "1"]

{[%evp 22,67,22,0,0,-4,0,0,32,22,33,34,34,31,31,23,61,32,36,23,30,0,0,0,0,0,0,-35,-26,-12,0,0,0,0,0,0,0,0,0,0,0,0,0,0,8,0,0,0]} 1. e4 {Nikitin,A} c6 2. d4 d5 3. e5 Bf5 4. Nf3 e6 5. Be2 c5 6. Be3 Nd7 7. c4 cxd4 8. Nxd4 {B12: Caro-Kann: Advance Variation} Bxb1 9. Rxb1 Bb4+ 10. Kf1 (10. Bd2 Bxd2+ 11. Qxd2 Ne7 12. cxd5 Nxd5 13. f4 O-O 14. O-O Qb6 15. Bf3 Nb4 {1-0 (32) Anand,V (2715)-Gulko,B (2595) Riga 1995 CBM 047 [Blatny,P]}) 10... Ne7 11. Qa4 Qa5 12. Qxa5 {LiveBook: 3 Games} Bxa5 13. f4 {[#]} dxc4 $146 ({Predecessor:} 13... Bb6 14. Kf2 Nc5 15. Kf3 dxc4 16. Bxc4 {1-0 (44) Vasiukov,E (2515)-Vyzmanavin,A (2605) Elista 1995 CBM 050 [Nikitin,A]}) 14. Bxc4 Rc8 15. Rc1 O-O 16. Ke2 Nb6 17. Nxe6 {[#] Black must now prevent Bxb6.} Nxc4 18. Nxf8 Nd5 19. Nd7 ({Stronger than} 19. Bxa7 Nxf4+ 20. Kf3 Nd3 $17) 19... Ndxe3 20. b3 Bd2 21. bxc4 (21. Rcg1 {with more complications.} Rc7 22. Nb8 Rc8 23. bxc4 Nxc4 24. Nd7) 21... Bxc1 22. Rxc1 Nxg2 $11 {[%mdl 4096] Endgame KRN-KRN} 23. Kf3 Nh4+ 24. Ke4 Rc7 25. Nb8 g6 {The position is equal.} 26. c5 Nf5 27. Kd5 Rc8 28. Nd7 Rd8 29. e6 fxe6+ 30. Kxe6 Re8+ 31. Kd5 {[#] Hoping for Nf6+.} Rd8 32. Ke6 Re8+ 33. Kd5 {Nf6+ is the strong threat.} Rd8 34. Ke6 {Precision: White = 80%, Black = 79%.} 1/2-1/2

[Event "Eurasia Open Cup 2018"]
[Site "Jekaterienburg"]
[Date "2018.08.09"]
[Round "8"]
[White "Sorokin, Aleksey"]
[Black "Fakhrutdinov, Timur"]
[Result "1/2-1/2"]
[WhiteElo "2519"]
[BlackElo "2463"]
[Annotator "ChessBase"]
[PlyCount "84"]
[EventDate "2018.08.01"]
[EventType "swiss"]
[EventCountry "RUS"]
[SourceTitle "playchess.com"]
[Source "ChessBase"]
[SourceQuality "1"]
[TimeControl "5400+30"]

1. d4 {[%emt 0:00:00]} Nf6 {[%emt 0:00:00]} 2. c4 {[%emt 0:00:00]} e6 {[%emt 0:00:00]} 3. Nf3 {[%emt 0:01:14]} d5 {[%emt 0:00:00]} 4. g3 {[%emt 0:00:20]} Bb4+ {[%emt 0:00:00]} 5. Bd2 {[%emt 0:00:13]} Be7 {[%emt 0:00:03]} 6. Bg2 {[%emt 0:01:06]} O-O {[%emt 0:00:06]} 7. O-O {[%emt 0:00:08]} c6 {[%emt 0:00:09]} 8. Qc2 {[%emt 0:01:13]} Nbd7 {[%emt 0:00:09]} 9. Rd1 {[%emt 0:00:48]} b6 {[%emt 0:00:00]} 10. Bf4 {[%emt 0:00:41]} Ba6 {[%emt 0:00:00]} 11. cxd5 {[%emt 0:00:42]} cxd5 {[%emt 0:00:33]} 12. Ne5 {[%emt 0:00:26]} Nxe5 {[%emt 0:00:23]} 13. dxe5 {[%emt 0:00:17]} Ng4 {[%emt 0:00:35]} 14. Bf3 {[%emt 0:04:02]} f5 {[%emt 0:00:55]} 15. exf6 {[%emt 0:00:00]} Nxf6 {[%emt 0:00:12]} 16. Qa4 {[%emt 0:00:33]} Bb7 {[%emt 0:01:17]} 17. Nd2 {[%emt 0:00:15]} Qe8 {[%emt 0:12:16]} 18. Qxe8 {[%emt 0:02:47]} Rfxe8 {[%emt 0:00:49]} 19. Nc4 {[%emt 0:06:24]} Red8 {[%emt 0:02:56]} 20. Rac1 {[%emt 0:04:12]} Rac8 {[%emt 0:07:06]} 21. h4 {[%emt 0:06:54]} Rc5 {[%emt 0:16:47]} 22. Ne5 {[%emt 0:04:30]} Rdc8 {[%emt 0:01:02]} 23. Rxc5 {[%emt 0:02:17]} Rxc5 {[%emt 0:05:41]} 24. g4 {[%emt 0:01:37]} Bc8 {[%emt 0:14:53]} 25. g5 {[%emt 0:02:45]} Nd7 {[%emt 0:01:27]} 26. Nxd7 {[%emt 0:06:43]} Bxd7 {[%emt 0:00:08]} 27. e4 {[%emt 0:02:53]} Bc6 {[%emt 0:09:35]} 28. Be3 {[%emt 0:00:09]} Rc2 {[%emt 0:01:36]} 29. exd5 {[%emt 0:01:27]} Bxd5 {[%emt 0:00:43]} 30. Bxd5 {[%emt 0:00:29]} exd5 {[%emt 0:00:05]} 31. Rxd5 {[%emt 0:00:58]} Rxb2 {[%emt 0:00:35]} 32. Rd7 {[%emt 0:01:37]} Bc5 {[%emt 0:01:05]} 33. Bxc5 {[%emt 0:00:19]} bxc5 {[%emt 0:00:06]} 34. a3 {[%emt 0:00:36]} c4 {[%emt 0:06:12]} 35. Rxa7 {[%emt 0:00:34]} c3 {[%emt 0:00:00]} 36. Kg2 {[%emt 0:01:03]} Ra2 {[%emt 0:05:29]} 37. h5 {[%emt 0:01:33]} c2 {[%emt 0:01:49]} 38. Rc7 {[%emt 0:00:30]} Kf8 {[%emt 0:00:00]} 39. a4 {[%emt 0:02:12]} Rxa4 {[%emt 0:00:47]} 40. Rxc2 {[%emt 0:00:33]} Rg4+ {[%emt 0:00:12]} 41. Kf3 {[%emt 0:01:55]} Rxg5 {[%emt 0:00:07]} 42. Rc8+ {[%emt 0:00:24]} Kf7 {[%emt 0:00:15]} 1/2-1/2

[Event "Eurasia Open Cup 2018"]
[Site "Jekaterienburg"]
[Date "2018.08.09"]
[Round "8"]
[White "Khanin, Semen"]
[Black "Popov, Mikhail"]
[Result "1-0"]
[WhiteElo "2494"]
[BlackElo "2401"]
[Annotator "TA"]
[PlyCount "67"]
[EventDate "2018.08.01"]
[EventType "swiss"]
[EventCountry "RUS"]
[SourceTitle "playchess.com"]
[Source "ChessBase"]
[SourceQuality "1"]

{[%evp 20,67,43,16,21,14,16,0,0,-63,0,0,71,72,145,145,347,343,345,323,324,327,367,366,380,374,468,468,468,468,468,468,468,468,468,468,467,466,462,443,466,459,452,445,877,868,841,837,845,788]} 1. e4 e5 2. Nf3 Nc6 3. Bc4 Nf6 4. d3 h6 5. Nc3 d6 6. a4 Be7 7. O-O O-O 8. h3 Be6 {C55: Two Knights: 4 d3, 4 d4 exd4 5 e5 and Max Lange Attack} 9. Re1 Qd7 10. a5 (10. Be3 a6 11. Bxe6 fxe6 12. d4 exd4 13. Nxd4 Nxd4 14. Qxd4 Nh5 15. e5 {0-1 (71) Miton,K (2584)-Wang,H (2709) Riadh 2017}) 10... a6 11. Bd2 {LiveBook: 5 Games} Bd8 12. Nd5 Bxd5 13. exd5 $146 ({Predecessor:} 13. Bxd5 Nxd5 14. exd5 Ne7 15. d4 exd4 16. Nxd4 {½-½ (29) Arnold,H (2307)-Bohak,J (2286) ICCF email 2013}) 13... Ne7 14. Nh4 (14. d4 $11) 14... Nfxd5 (14... Nexd5 $15 15. Qf3 c6) 15. d4 $11 Nf4 (15... exd4 $11 16. Bd3 c6) 16. dxe5 $16 dxe5 {[#]} ({Black should try} 16... Qc6) 17. Bxf4 $1 ({Weaker is} 17. Rxe5 Qd4 $17) 17... Qxd1 $2 (17... Qc6 $16 {was necessary.}) 18. Raxd1 $18 exf4 {[#]} 19. Rxd8 $1 {[%mdl 512]} Raxd8 20. Rxe7 Rd1+ 21. Kh2 Rd6 22. Rxc7 Rc6 23. Rxc6 {White is clearly winning.} bxc6 24. Nf5 Rb8 25. Ne7+ Kf8 26. Nxc6 Rxb2 27. Bxa6 Ke8 28. Bd3 Kd7 29. Nd4 g6 30. a6 {[%cal Ba5a6,Ba6a7][%mdl 32]} Ra2 31. h4 Kd6 {[#]} (31... Ra1 $142 32. Ne2 f3 33. gxf3 Kc6) 32. a7 $1 Kc5 (32... Rxa7 33. Nb5+) 33. Nb5 f5 34. Be2 {Precision: White = 78%, Black = 36%.} 1-0

[Event "Eurasia Open Cup 2018"]
[Site "Jekaterienburg"]
[Date "2018.08.09"]
[Round "8"]
[White "Gutenev, Alexander"]
[Black "Dubinin, Alexsandr"]
[Result "1-0"]
[WhiteElo "2470"]
[BlackElo "2260"]
[Annotator "ChessBase"]
[PlyCount "75"]
[EventDate "2018.08.01"]
[EventType "swiss"]
[EventCountry "RUS"]
[SourceTitle "playchess.com"]
[Source "ChessBase"]
[SourceQuality "1"]
[TimeControl "5400+30"]

1. e4 {[%emt 0:00:00]} c5 {[%emt 0:04:46]} 2. Nf3 {[%emt 0:00:00]} Nc6 {[%emt 0:00:00]} 3. d4 {[%emt 0:00:00]} cxd4 {[%emt 0:00:14]} 4. Nxd4 {[%emt 0:00:00]} Nf6 {[%emt 0:00:10]} 5. Nc3 {[%emt 0:00:00]} e5 {[%emt 0:00:13]} 6. Ndb5 {[%emt 0:00:03]} d6 {[%emt 0:00:10]} 7. Bg5 {[%emt 0:00:15]} a6 {[%emt 0:00:09]} 8. Na3 {[%emt 0:00:00]} b5 {[%emt 0:00:16]} 9. Nd5 {[%emt 0:00:09]} Be7 {[%emt 0:00:19]} 10. Bxf6 {[%emt 0:00:06]} Bxf6 {[%emt 0:00:11]} 11. c4 {[%emt 0:02:47]} b4 {[%emt 0:00:27]} 12. Nc2 {[%emt 0:00:06]} O-O {[%emt 0:00:26]} 13. g3 {[%emt 0:00:08]} a5 {[%emt 0:00:36]} 14. Bg2 {[%emt 0:00:06]} Bg5 {[%emt 0:00:23]} 15. O-O {[%emt 0:00:05]} Ne7 {[%emt 0:00:27]} 16. Nde3 {[%emt 0:04:46]} Bxe3 {[%emt 0:04:56]} 17. Nxe3 {[%emt 0:00:00]} Be6 {[%emt 0:01:02]} 18. Qd3 {[%emt 0:00:31]} Qc7 {[%emt 0:01:30]} 19. b3 {[%emt 0:00:54]} Nc6 {[%emt 0:04:22]} 20. Rad1 {[%emt 0:08:21]} Rfd8 {[%emt 0:02:06]} 21. Nf5 {[%emt 0:06:16]} a4 {[%emt 0:04:49]} 22. Qe3 {[%emt 0:05:01]} Na5 {[%emt 0:15:46]} 23. Rd3 {[%emt 0:13:15]} Nb7 {[%emt 0:04:54]} 24. Qd2 {[%emt 0:12:20]} Nc5 {[%emt 0:08:16]} 25. Re3 {[%emt 0:00:05]} Ra6 {[%emt 0:05:48]} 26. Rd1 {[%emt 0:05:31]} Rb8 {[%emt 0:08:28]} 27. h3 {[%emt 0:09:58]} Qd7 {[%emt 0:07:00]} 28. g4 {[%emt 0:07:38]} Qa7 {[%emt 0:01:04]} 29. Rg3 {[%emt 0:02:02]} Rd8 {[%emt 0:10:06]} 30. Nxg7 {[%emt 0:02:26]} f6 {[%emt 0:08:02]} 31. Nh5 {[%emt 0:00:00]} axb3 {[%emt 0:01:35]} 32. axb3 {[%emt 0:00:30]} Ra2 {[%emt 0:00:07]} 33. Nxf6+ {[%emt 0:00:51]} Kh8 {[%emt 0:01:09]} 34. Qh6 {[%emt 0:06:57]} Nxb3 {[%emt 0:05:11]} 35. Nxh7 {[%emt 0:00:40]} Qxf2+ {[%emt 0:01:24]} 36. Kh2 {[%emt 0:00:40]} Kg8 {[%emt 0:00:27]} 37. Qg6+ {[%emt 0:01:04]} Kh8 {[%emt 0:00:08]} 38. Nf6 {[%emt 0:00:21]} 1-0

[Event "Eurasia Open Cup 2018"]
[Site "Jekaterienburg"]
[Date "2018.08.09"]
[Round "8"]
[White "Kozionov, Kirill"]
[Black "Isanzhulov, Arystan"]
[Result "1-0"]
[WhiteElo "2461"]
[BlackElo "2146"]
[Annotator "ChessBase"]
[PlyCount "85"]
[EventDate "2018.08.01"]
[EventType "swiss"]
[EventCountry "RUS"]
[SourceTitle "playchess.com"]
[Source "ChessBase"]
[SourceQuality "1"]
[TimeControl "5400+30"]

1. d4 {[%emt 0:00:00]} d6 {[%emt 0:00:00]} 2. c4 {[%emt 0:00:00]} g6 {[%emt 0:00:00]} 3. Nf3 {[%emt 0:00:00]} Nf6 {[%emt 0:00:00]} 4. Nc3 {[%emt 0:00:22]} Bf5 {[%emt 0:00:11]} 5. Qb3 {[%emt 0:00:33]} Qc8 {[%emt 0:01:05]} 6. h3 {[%emt 0:00:11]} c5 {[%emt 0:11:48]} 7. d5 {[%emt 0:01:02]} Bg7 {[%emt 0:01:10]} 8. g4 {[%emt 0:00:50]} Bd7 {[%emt 0:00:04]} 9. e4 {[%emt 0:00:28]} O-O {[%emt 0:02:12]} 10. Be3 {[%emt 0:13:01]} Na6 {[%emt 0:05:24]} 11. Nd2 {[%emt 0:05:57]} e5 {[%emt 0:09:10]} 12. Be2 {[%emt 0:02:48]} Nc7 {[%emt 0:03:31]} 13. g5 {[%emt 0:03:38]} Nfe8 {[%emt 0:00:35]} 14. h4 {[%emt 0:02:16]} a6 {[%emt 0:07:45]} 15. Na4 {[%emt 0:00:09]} Bxa4 {[%emt 0:01:31]} 16. Qxa4 {[%emt 0:00:06]} b5 {[%emt 0:00:14]} 17. Qc2 {[%emt 0:05:58]} bxc4 {[%emt 0:08:36]} 18. Nxc4 {[%emt 0:01:16]} Nb5 {[%emt 0:00:00]} 19. Nb6 {[%emt 0:00:11]} Qd8 {[%emt 0:00:00]} 20. Nxa8 {[%emt 0:00:11]} Qxa8 {[%emt 0:00:00]} 21. a4 {[%emt 0:20:11]} Nd4 {[%emt 0:00:24]} 22. Bxd4 {[%emt 0:00:00]} exd4 {[%emt 0:00:00]} 23. Ra3 {[%emt 0:01:34]} Nc7 {[%emt 0:02:54]} 24. h5 {[%emt 0:07:37]} Re8 {[%emt 0:00:42]} 25. Kf1 {[%emt 0:02:59]} Qd8 {[%emt 0:06:00]} 26. Rg3 {[%emt 0:01:28]} a5 {[%emt 0:09:26]} 27. b3 {[%emt 0:01:16]} Qc8 {[%emt 0:02:24]} 28. Rh4 {[%emt 0:09:52]} Na6 {[%emt 0:02:21]} 29. Bb5 {[%emt 0:01:23]} Re7 {[%emt 0:01:15]} 30. Qe2 {[%emt 0:01:45]} Nb4 {[%emt 0:00:29]} 31. Qf3 {[%emt 0:01:18]} Qb7 {[%emt 0:00:30]} 32. Rgh3 {[%emt 0:00:11]} Bh8 {[%emt 0:00:52]} 33. Kg1 {[%emt 0:00:30]} Qc8 {[%emt 0:00:39]} 34. Qh1 {[%emt 0:00:30]} Qc7 {[%emt 0:02:39]} 35. Be2 {[%emt 0:05:01]} d3 {[%emt 0:00:23]} 36. Bg4 {[%emt 0:01:53]} Bd4 {[%emt 0:00:38]} 37. hxg6 {[%emt 0:03:52]} fxg6 {[%emt 0:04:30]} 38. Be6+ {[%emt 0:01:55]} Kh8 {[%emt 0:01:21]} 39. Qf3 {[%emt 0:00:29]} Qd8 {[%emt 0:00:01]} 40. Rf4 {[%emt 0:00:24]} Kg7 {[%emt 0:00:01]} 41. Rxh7+ {[%emt 0:01:53]} Kxh7 {[%emt 0:01:48]} 42. Qh1+ {[%emt 0:00:14]} Kg7 {[%emt 0:01:09]} 43. Qh6# {[%emt 0:00:15]} 1-0

[Event "Eurasia Open Cup 2018"]
[Site "Jekaterienburg"]
[Date "2018.08.09"]
[Round "8"]
[White "Badmatsyrenov, Oleg"]
[Black "Kryakvin, Dmitry"]
[Result "0-1"]
[WhiteElo "2454"]
[BlackElo "2591"]
[Annotator "ChessBase"]
[PlyCount "84"]
[EventDate "2018.08.01"]
[EventType "swiss"]
[EventCountry "RUS"]
[SourceTitle "playchess.com"]
[Source "ChessBase"]
[SourceQuality "1"]
[TimeControl "5400+30"]

1. e4 {[%emt 0:00:09]} e6 {[%emt 0:01:06]} 2. Qe2 {[%emt 0:00:50]} c5 {[%emt 0:00:07]} 3. b3 {[%emt 0:00:00]} Nc6 {[%emt 0:00:06]} 4. Bb2 {[%emt 0:00:08]} Nge7 {[%emt 0:00:08]} 5. Qh5 {[%emt 0:07:15]} d5 {[%emt 0:02:06]} 6. Nf3 {[%emt 0:00:35]} dxe4 {[%emt 0:10:34]} 7. Ng5 {[%emt 0:00:41]} Ng6 {[%emt 0:00:03]} 8. Nc3 {[%emt 0:11:39]} Be7 {[%emt 0:15:12]} 9. Ncxe4 {[%emt 0:05:23]} Nd4 {[%emt 0:04:01]} 10. O-O-O {[%emt 0:09:52]} Bd7 {[%emt 0:08:15]} 11. Re1 {[%emt 0:27:39]} Bc6 {[%emt 0:13:23]} 12. h4 {[%emt 0:06:24]} Qd7 {[%emt 0:06:56]} 13. Rh3 {[%emt 0:13:46]} Rd8 {[%emt 0:03:45]} 14. c3 {[%emt 0:02:02]} Nf5 {[%emt 0:08:48]} 15. Rd3 {[%emt 0:00:08]} Qc7 {[%emt 0:00:06]} 16. Rxd8+ {[%emt 0:01:37]} Qxd8 {[%emt 0:01:21]} 17. g3 {[%emt 0:00:11]} Qd7 {[%emt 0:00:43]} 18. Bh3 {[%emt 0:04:14]} b6 {[%emt 0:06:14]} 19. c4 {[%emt 0:02:50]} Nd4 {[%emt 0:00:56]} 20. f4 {[%emt 0:00:06]} Kf8 {[%emt 0:04:02]} 21. Bc3 {[%emt 0:02:28]} Kg8 {[%emt 0:02:07]} 22. Kb1 {[%emt 0:01:16]} f5 {[%emt 0:00:43]} 23. Nf2 {[%emt 0:01:04]} Bxg5 {[%emt 0:00:15]} 24. hxg5 {[%emt 0:00:41]} Bf3 {[%emt 0:00:00]} 25. g4 {[%emt 0:00:00]} Ne2 {[%emt 0:02:46]} 26. Rxe2 {[%emt 0:00:49]} Bxe2 {[%emt 0:00:28]} 27. Bg2 {[%emt 0:01:04]} Qd6 {[%emt 0:01:04]} 28. Qh1 {[%emt 0:00:29]} Bxg4 {[%emt 0:00:46]} 29. Nxg4 {[%emt 0:00:10]} fxg4 {[%emt 0:00:05]} 30. Be4 {[%emt 0:00:42]} Qxf4 {[%emt 0:00:34]} 31. Kb2 {[%emt 0:00:31]} Qxg5 {[%emt 0:00:52]} 32. Bc2 {[%emt 0:00:39]} Nf8 {[%emt 0:00:21]} 33. Qa8 {[%emt 0:00:12]} h5 {[%emt 0:00:29]} 34. d4 {[%emt 0:00:06]} g3 {[%emt 0:00:41]} 35. Be4 {[%emt 0:00:06]} cxd4 {[%emt 0:00:49]} 36. Bb4 {[%emt 0:00:02]} Qf6 {[%emt 0:00:20]} 37. Qc8 {[%emt 0:00:46]} Rh6 {[%emt 0:00:54]} 38. c5 {[%emt 0:00:53]} bxc5 {[%emt 0:00:51]} 39. Qxc5 {[%emt 0:00:10]} h4 {[%emt 0:00:30]} 40. Qd6 {[%emt 0:00:03]} Qf2+ {[%emt 0:01:17]} 41. Ka3 {[%emt 0:00:06]} h3 {[%emt 0:00:32]} 42. Bc5 {[%emt 0:00:36]} g2 {[%emt 0:00:18]} 0-1